000 00643nam a2200181Ia 4500
005 20250423095509.0
008 250422s9999 xx 000 0 und d
020 _a0872879305
050 _aPS 374 .P63 R67/
100 _aRosenberg, Betty
245 0 _aGenreflecting : a guide to reading interests in genre fiction
260 _aColorado
260 _bLibraries Unlimited
260 _c1991
300 _a345 p
650 _aAmerican fiction --Stories, plots, etc. Popular literature --Stories, plots, etc. English fiction --Stories, plots, etc. Fiction --Bibliography. Reading interests. Fiction genres --Bibliography.
942 _cBK
999 _c30454
_d30454